000
00334 a2200145 4500
999
_c
12062
_d
12062
003
OSt
005
20240117170046.0
008
240117b ||||| |||| 00| 0 eng d
020
_a
9781965540220
082
_a
712
100
_a
Crescendo
245
_a
Landscape Gardening View: Commercial Space
260
_b
Crescendo
942
_2
ddc